| 000 | 00584nam a2200229Ia 4500 | ||
|---|---|---|---|
| 008 | 101110s9999 xx 000 0 und d | ||
| 041 | _aENGLISH | ||
| 082 | _bSR32069 | ||
| 100 | _aChopde L.N., Choudhari D.H. & etc. | ||
| 245 | _aCost accounting Vol. I TYBCom | ||
| 260 |
_c2009 _bSheth Publisher,Mumbai |
||
| 300 | _a512 | ||
| 365 | _b225 | ||
| 520 | _aCommerce | ||
| 520 | _aFree A/C-Vol.II | ||
| 546 | _aENGLISH | ||
| 630 | _aCost accounting Vol. I TYBCom | ||
| 650 | _aCommerce | ||
| 655 | _aCommerce | ||
| 730 | _aCost accounting Vol. I TYBCom | ||
| 942 | _cBOOK | ||
| 999 |
_c824571 _d824568 |
||